| 000 | 00788cam5a220021700 4500 | ||
|---|---|---|---|
| 001 | lce00284202 | ||
| 008 | 770617s1976 mbc s000 0 eng d | ||
| 010 | _acn 77082501 | ||
| 015 | _aC77082501X | ||
| 035 | _a(Sirsi) r57759 | ||
| 035 | _a(DLC)cn 77082501 | ||
| 035 | _a(UPRA)lce00284202 | ||
| 040 |
_aCaOONL _beng _cCaOONL _dUPRA |
||
| 110 | 1 |
_bLivestock and Meat Commission. _6A16833.1 |
|
| 245 | 1 | 0 |
_aReport of the enquiry into livestock marketing in Manitoba / _cby the Manitoba Livestock and Meat Commission. |
| 260 |
_a[Winnipeg : _bManitoba Livestock and Meat Commission], _c1976. |
||
| 500 | _aCover title: Livestock marketing in Manitoba. | ||
| 740 | 0 | _aLivestock marketing in Manitoba. | |
| 949 |
_aSF111 _wlcc _i33729000229067 _mMAIN _p2500 _tBOOK _lON-SHELF |
||
| 004 | 57759 | ||
| 999 |
_c152713 _d152713 |
||